LEADER 01480nam a2200301 a 4500 001 000000120531 003 CaOOAMICUS 005 20100304161230.0 008 100304t2009 it u000 u ita r 020 $a978-88-08-16524-4 040 $aPUL$bita$dReb 245 03$aLa nuova esecuzione forzata :$bdopo la l. 18 giugno 2009, n. 69 /$copera diretta da Paolo Giovanni Demarchi ; prefazione di Massimo Fabiani ; con la collaborazione di Luigi Abete [et al.]. 260 $aBologna :$bZanichelli,$c©2009. 300 $axxvi, 1526 p. ;$c25 cm.+$e1 CD-ROM. 490 1 $aDottrina casi sistemi ;$v15 504 $aBibliografia p. 1497-1514 650 4$aDiritto processuale civile.$0(OLS)http://pul/subject/1785 650 4$aProcesso esecutivo.$0(OLS)http://pul/subject/35884 700 1 $aAbete, Luigi.$0(OLS)http://pul/name/75388 700 1 $aFabiani, Massimo.$0(OLS)http://pul/name/75387 700 1 $aDemarchi, Paolo Giovanni.$0(OLS)http://pul/name/69489 830 0$aDottrina casi sistemi ;$v15.$0(OLS)http://pul/title/139266 850 $aPUL 852 $aPUL$W1$xSL Diritto e Scienze Sociali 3$y79$m346. 45 DEMPA 2$j138164$qDDC 21$B137371$CPULBib$Z2$F137371 $H112576 $82 941 1 $a9 996 $6020$a978-88-08-16524-4$9(OLS)http://pul/number/143510 996 $6245$aLa nuova esecuzione forzata :$bdopo la l. 18 giugno 2009, n. 69$9(OLS)http://pul/title/151586 996 $6260$aBologna :$bZanichelli$9(OLS)http://pul/publisher/48255 LEADER 01654nam a2200385 a 4500 001 000000139839 003 CaOOAMICUS 005 20140923130247.0 008 140923s2014 it u000 u ita r 020 $a978-88-343-2185-0 040 $aPUL$bita 041 0 $aita$aeng 245 00$aAmintore Fanfani :$bformazione culturale, identitą e responsabilitą politica /$ca cura di Alberto Cova, Claudio Besana. 260 $aMilano :$bV&P,$c©2014. 300 $aXIX, 406 p. ;$c22 cm 490 1 $aStoria. Ricerche 490 1 $aVita e pensiero. Universitą 504 $aBibliografia in nota. 546 $aInclude abstracts in inglese dei contributi. 600 14$aFanfani, Amintore,$d1908-1999.$0(OLS)http://pul/subject/9830 700 1 $aCova, Alberto,$d1932-$0(OLS)http://pul/name/3259 700 1 $aBesana, Claudio.$0(OLS)http://pul/name/85885 830 0$aUniversitą (Vita e Pensiero).$0(OLS)http://pul/title/154439 830 0$aRicerche (Vita e Pensiero).$pStoria.$0(OLS)http://pul/title/174438 850 $aPUL 852 $aPUL$W1$xDP1 Cons. Gen., Altre Classi 1$y22$m389 C 64$j161514$qStampati$B160979$CPULBib$Z2$F160979 $H124656 $82 941 1 $a8 983 0$aVita e pensiero.$pUniversitą. 983 0$aV & P. Universitą. 983 0$aStoria.$pRicerche (Vita e pensiero) 983 0$aV & P. Storia. Ricerche. 996 $6020$a978-88-343-2185-0$9(OLS)http://pul/number/156014 996 $6245$aAmintore Fanfani :$bformazione culturale, identitą e responsabilitą politica$9(OLS)http://pul/title/177008 996 $6260$aMilano :$bV&P$9(OLS)http://pul/publisher/78336